000 00612nam a22002297a 4500
003 UA-OsUOA
001 93386
007 ta
008 20130119b un ||||| |||| 00| 0 ukr d
100 _aВетров И.Е.
090 _a821.161.1
_bВ39
942 _cBK
040 _aUA-OsUOA
_brus
_cUA-OsUOA
_dUA-OsUOA
245 _aТаинственный доктор
300 _a127 с.
955 _a3
041 _arus
080 _a821.161.1
260 _aК.
_bПолитиздат Украины
_c1979
650 7 _a82 Література. Літературознавство
_2UDC
999 _c379631
_d379631